| 000 | 00593nam a22001697a 4500 | ||
|---|---|---|---|
| 999 |
_c57822 _d57822 |
||
| 005 | 20201222132535.0 | ||
| 008 | 201222c2020 ge ||||| |||| 00| 0 geo d | ||
| 022 | _a25874713 | ||
| 041 | _ageo | ||
| 245 |
_aეკონომიკა : _b2020 / _cმთ. რედაქტორი რ. შენგელია. |
||
| 260 |
_aთბილისი, _c2020. |
||
| 300 |
_a145 გვ. _b20 სმ. |
||
| 653 | _aეკონომიკა | ||
| 653 | _aპერიოდიკა | ||
| 700 |
_aშენგელია, რ. _eმთ. რედაქტორი _99944 |
||
| 942 |
_2udc _cCR |
||